00821nam a2200253 i 450000100060000000300080000600500170001400800410003103500230007203500190009503500170011404000320013104100080016308200200017110000520019124500950024325000110033826000310034930000420038049000350042250400390045765000350049683000360053123484BD-RjUL20211209000933.0140311s1961 nyuab b 001 0 eng d a(OCoLC)ocm05039984 a(BD-RjUL)23549 a(NNC)2377026 aEEAcEEAdZCUdBD-RjULbeng aeng a916.6bCHW 19611 aChurch, R. J. Harrisonq(Ronald James Harrison)10aWest Africa :ba study of the environment and of man's use of it /cR. J. Harrison Church. a3d ed. aNew York :bWiley,cc1961. axxvii, 547 p. :bill., maps ;c22 cm.1 aGeographies for advanced study aIncludes bibliographies and index. 0aHuman geographyzAfrica, West. 0aGeographies for advanced study.